00644nam a2200169 i 450000100060000000300090000600500170001500700030003200800410003510000440007624501250012026000370024530000210028285200320030399900170033595201220035268079ES-MaACL20230906170212.0t|040217s1972 sp ||||1| spa d1 aGandarias Ibaibarriaga, Higinio.95383010aPrimer Reclusorio-Beaterio y Orden Tercera del Carmen en España b: Santa Ana de Valencia, 1239 / cHiginio Gandarias. a[Alzo (Tolosa) : bs.n., c1972] a92 p. ; c30 cm. aES-MaACLjC-43287 bR.82089 c68079d68079 00104070aATENEOMbATENEOMcDEPO2d2008-01-17eSCl0oC-43287p1071272r2023-02-23 00:00:00w2023-02-23yMONOGRAFIA